| 000 | 00809nam a22002417a 4500 | ||
|---|---|---|---|
| 999 |
_c14715 _d14715 |
||
| 003 | MIRAKIL | ||
| 005 | 20211222145818.0 | ||
| 008 | 211222b tu ||||| |||| 00| 0 tur d | ||
| 020 | _a9786056981814 | ||
| 040 |
_aTR-AnCHP _btur _cTR-AnCHP |
||
| 041 | _atur | ||
| 082 |
_a362.5 _bT96 2020 |
||
| 245 |
_aTürkiye'de yoksulluk ve eşitsizlik : _bnedenler, süreçler, çözümler / _cderleyen Sencer Ayata |
||
| 246 | _anedenler, süreçler, çözümler | ||
| 260 |
_aAnkara: _bSODAR, _c2020. |
||
| 300 |
_a290 s.: _bgrf.; _c23 sm. |
||
| 490 | 0 |
_aSosyal Demokrasi Derneği; _aSosyal Denge ve Demokrasi Araştırma Merkezi; _v1. |
|
| 500 | _aKaynakça vardır. | ||
| 650 |
_aYoksulluk _zTürkiye |
||
| 700 |
_aAyata, Sencer _96910 _eder. |
||
| 740 | _anedenler, süreçler, çözümler | ||
| 942 |
_2ddc _cBKS |
||